<?xml version="1.0" encoding="UTF-8"?><?xml-stylesheet type="text/xsl" href="static/style.xsl"?><OAI-PMH xmlns="http://www.openarchives.org/OAI/2.0/" xmlns:xsi="http://www.w3.org/2001/XMLSchema-instance" xsi:schemaLocation="http://www.openarchives.org/OAI/2.0/ http://www.openarchives.org/OAI/2.0/OAI-PMH.xsd"><responseDate>2026-04-13T15:14:26Z</responseDate><request verb="GetRecord" identifier="oai:www.recercat.cat:10459.1/69908" metadataPrefix="marc">https://recercat.cat/oai/request</request><GetRecord><record><header><identifier>oai:recercat.cat:10459.1/69908</identifier><datestamp>2024-12-05T22:35:23Z</datestamp><setSpec>com_2072_3622</setSpec><setSpec>col_2072_479130</setSpec></header><metadata><record xmlns="http://www.loc.gov/MARC21/slim" xmlns:dcterms="http://purl.org/dc/terms/" xmlns:xsi="http://www.w3.org/2001/XMLSchema-instance" xmlns:doc="http://www.lyncode.com/xoai" xsi:schemaLocation="http://www.loc.gov/MARC21/slim http://www.loc.gov/standards/marcxml/schema/MARC21slim.xsd">
   <leader>00925njm 22002777a 4500</leader>
   <datafield ind2=" " ind1=" " tag="042">
      <subfield code="a">dc</subfield>
   </datafield>
   <datafield ind2=" " ind1=" " tag="720">
      <subfield code="a">Vega García, Cristina</subfield>
      <subfield code="e">author</subfield>
   </datafield>
   <datafield ind2=" " ind1=" " tag="720">
      <subfield code="a">García González, Roberto</subfield>
      <subfield code="e">author</subfield>
   </datafield>
   <datafield ind2=" " ind1=" " tag="260">
      <subfield code="c">2020-11-19T08:21:47Z</subfield>
   </datafield>
   <datafield ind2=" " ind1=" " tag="260">
      <subfield code="c">2020-11-19T08:21:47Z</subfield>
   </datafield>
   <datafield ind2=" " ind1=" " tag="260">
      <subfield code="c">2017</subfield>
   </datafield>
   <datafield ind2=" " ind1=" " tag="260">
      <subfield code="c">2020-11-19T08:21:47Z</subfield>
   </datafield>
   <datafield ind2=" " ind1=" " tag="520">
      <subfield code="a">Aunque la ordenación de montes ha sido necesariamente multifuncional en nuestras condiciones mediterráneas, nunca ha experimentado más y más diversas demandas que en la actualidad, y es de esperar que éstas aumenten en intensidad en un futuro previsible en el que el desafío radicará en cómo conseguir el aumento de la productividad forestal sin perjuicios para otras funciones. Los avances experimentados por tecnologías de adquisición y análisis de datos (Big Data) medioambientales y forestales a alta resolución espacial y temporal (teledetección, LIDAR), prácticamente a la carta, suministran un nivel de conocimiento y análisis de los sistemas forestales que permite optimizar la toma de decisiones, la modelización y la simulación de sus dinámicas en el futuro, y a su vez anticipar la provisión de los numerosos servicios ecosistémicos demandados. Esta ponencia repasa dichos avances tecnológicos, al tiempo que establece su relación con condicionantes estructurales que han lastrado la planificación forestal desde sus inicios en el país: la estructura de la propiedad, y las políticas forestales.</subfield>
   </datafield>
   <datafield ind1="8" ind2=" " tag="024">
      <subfield code="a">http://hdl.handle.net/10459.1/69908</subfield>
   </datafield>
   <datafield tag="653" ind2=" " ind1=" ">
      <subfield code="a">Big Data</subfield>
   </datafield>
   <datafield tag="653" ind2=" " ind1=" ">
      <subfield code="a">Ordenación de Montes</subfield>
   </datafield>
   <datafield ind2="0" ind1="0" tag="245">
      <subfield code="a">Big Data y Ordenación de Montes: qué ha cambiado en realidad?</subfield>
   </datafield>
</record></metadata></record></GetRecord></OAI-PMH>